| 000 | 00396pab a2200145 454500 | ||
|---|---|---|---|
| 008 | 180718b2001 xxu||||| |||| 00| 0 eng d | ||
| 100 | _aHood, Christopher | ||
| 245 | _aPublic service managerialism: onwards and upwards, or `trobriand cricket' again? | ||
| 260 | _c2001 | ||
| 300 | _ap.300-09 | ||
| 362 | _aJul-Sep | ||
| 650 | _aCivil service | ||
| 773 | _aPolitical Quarterly | ||
| 909 | _a49318 | ||
| 999 |
_c49318 _d49318 |
||